[Event "SVK-chT2D 1112"]
[Site "Slovakia"]
[Date "2012.01.28"]
[Round "8.4"]
[White "Juhar, Roman"]
[Black "Holecko, Rastislav"]
[Result "1-0"]
[WhiteElo "2183"]
[BlackElo "2271"]
[PlyCount "125"]
[EventDate "2011.10.08"]
[EventType "team-tourn"]
[EventRounds "11"]
[EventCountry "SVK"]
[SourceTitle "EXT 2013"]
[Source "ChessBase"]
[SourceDate "2012.11.22"]
[SourceVersion "1"]
[SourceVersionDate "2012.11.22"]
[SourceQuality "1"]
[WhiteTeam "Velke Kapusany"]
[BlackTeam "Presov Tatran"]
[WhiteTeamCountry "SVK"]
[BlackTeamCountry "SVK"]

1. d4 Nf6 2. c4 g6 3. Nc3 Bg7 4. e4 0-0 5. f4 d6 6. Nf3 c5 7. e5 Ne8 8. dxc5 Qa5 9. cxd6 exd6 10. Qa4 Qxa4 11. Nxa4 Nc6 12. b3 dxe5 13. fxe5 Nxe5 14. Nxe5 Bxe5 15. Bb2 Bxb2 16. Nxb2 Nf6 17. 0-0-0 Ne4 18. Rd4 Re8 19. Bd3 Nc5 20. Bc2 b6 21. Rhd1 Bb7 22. g3 Bf3 23. Rf1 Bg2 24. Rf2 Bh3 25. Nd3 Nxd3+ 26. Bxd3 Rad8 27. Rxd8 Rxd8 28. Be4 Be6 29. Rd2 Rxd2 30. Kxd2 f5 31. Bf3 Kf7 32. Ke3 Kf6 33. Kd4 g5 34. a3 a5 35. b4 axb4 36. axb4 Bc8 37. c5 bxc5+ 38. bxc5 Ke6 39. Bd5+ Kf6 40. c6 h6 41. Bf3 Ke6 42. Kc5 Ke5 43. Bh5 Ke6 44. Be2 Ke5 45. Bf3 Ke6 46. Bh5 Ke5 47. Be8 Ke6 48. c7 Ke7 49. Bc6 h5 50. h4 Kf6 51. Be8 f4 52. hxg5+ Kxg5 53. gxf4+ Kxf4 54. Bxh5 Ke5 55. Kc6 Kf6 56. Kb6 Ke7 57. Ka7 Kd6 58. Kb8 Bd7 59. Bf3 Kc5 60. Bb7 Kb6 61. Bc8 Bb5 62. Bh3 Ba6 63. Bf1 1-0

[Event "SVK-chT1E 1112"]
[Site "Slovakia"]
[Date "2011.11.12"]
[Round "3.1"]
[White "Holecko, Rastislav"]
[Black "Meszaros, Gyula"]
[Result "0-1"]
[WhiteElo "2271"]
[BlackElo "2360"]
[PlyCount "136"]
[EventDate "2011.10.15"]
[EventType "team-tourn"]
[EventRounds "11"]
[EventCountry "SVK"]
[SourceTitle "EXT 2013"]
[Source "ChessBase"]
[SourceDate "2012.11.22"]
[SourceVersion "1"]
[SourceVersionDate "2012.11.22"]
[SourceQuality "1"]
[WhiteTeam "Sabinov"]
[BlackTeam "Svit"]
[WhiteTeamCountry "SVK"]
[BlackTeamCountry "SVK"]

1. e4 e6 2. d4 d5 3. exd5 exd5 4. Nf3 Nc6 5. Bd3 Bd6 6. 0-0 Nge7 7. Re1 Bg4 8. c3 Qd7 9. Nbd2 f6 10. a4 0-0 11. Nf1 Rae8 12. Bd2 Nd8 13. Ng3 Bxg3 14. hxg3 Nf7 15. Qc2 g6 16. Bf4 Bf5 17. Re2 Bxd3 18. Qxd3 g5 19. Bd2 Nf5 20. Rae1 N5d6 21. Rxe8 Rxe8 22. b3 Kg7 23. Re2 Re4 24. Nh2 h5 25. Rxe4 Nxe4 26. Be1 Qf5 27. Qf3 Qxf3 28. gxf3 Ned6 29. Bd2 Kg6 30. Nf1 c6 31. Kg2 f5 32. Be3 Nd8 33. Bc1 Ne6 34. Ba3 Ne8 35. Ne3 f4 36. Nc2 N8g7 37. Bc1 Nf5 38. Ne1 c5 39. gxf4 cxd4 40. c4 dxc4 41. bxc4 gxf4 42. Nd3 Nh4+ 43. Kh3 Nxf3 44. Bxf4 Kf5 45. Bc1 Ke4 46. Nb2 Ng7 47. a5 Ne6 48. Kg3 Nc5 49. Bh6 a6 50. Bf8 Nb3 51. Bb4 Ne5 52. Kh4 Nc6 53. Bd6 Kf3 54. Bg3 Nbxa5 55. Kxh5 Nb3 56. Kg5 Nc5 57. Kf5 a5 58. Bd6 Ne4 59. Bc7 Nxf2 60. Ke6 d3 61. Kd7 d2 62. Bd6 a4 63. Kc7 Na5 64. Bb4 Nxc4 65. Bxd2 Nxb2 66. Bb4 Nfd3 67. Be7 b5 68. Kb6 b4 0-1

[Event "SVK-chT2D 1112"]
[Site "Slovakia"]
[Date "2011.11.05"]
[Round "3.3"]
[White "Holecko, Rastislav"]
[Black "Kusiak, Matej"]
[Result "1-0"]
[WhiteElo "2271"]
[BlackElo "2149"]
[PlyCount "120"]
[EventDate "2011.10.08"]
[EventType "team-tourn"]
[EventRounds "11"]
[EventCountry "SVK"]
[SourceTitle "EXT 2013"]
[Source "ChessBase"]
[SourceDate "2012.11.22"]
[SourceVersion "1"]
[SourceVersionDate "2012.11.22"]
[SourceQuality "1"]
[WhiteTeam "Presov Tatran"]
[BlackTeam "Kosice Slavia TU IV"]
[WhiteTeamCountry "SVK"]
[BlackTeamCountry "SVK"]

1. e4 c5 2. Nf3 d6 3. Bc4 Nf6 4. d3 Nc6 5. h3 e6 6. 0-0 Be7 7. Bb3 Qc7 8. c3 0-0 9. Re1 Bd7 10. Bf4 e5 11. Bg3 b5 12. Nbd2 Na5 13. Bc2 c4 14. d4 Nc6 15. Nf1 g6 16. Ne3 Nh5 17. Nd5 Qd8 18. Bh2 f6 19. a4 Rb8 20. Qd2 Be6 21. axb5 Bxd5 22. exd5 Na5 23. Ba4 Qc7 24. Rad1 Qb7 25. Qe2 Rf7 26. g4 Ng7 27. g5 Rbf8 28. Nd2 Qxd5 29. Ne4 Qe6 30. gxf6 Bxf6 31. Qg4 Qxg4+ 32. hxg4 exd4 33. cxd4 d5 34. Nc3 Bh4 35. Re2 Rxf2 36. Rdd2 Rxe2 37. Rxe2 Bf6 38. Be5 Bxe5 39. Rxe5 Rf4 40. Rxd5 Rxg4+ 41. Kh1 Rf4 42. Rd8+ Rf8 43. Rd6 Nf5 44. Ra6 Nb3 45. d5 Rf7 46. Bxb3 cxb3 47. Ne4 Re7 48. Nc3 Rd7 49. Ne4 Kg7 50. d6 h6 51. Rc6 Kf7 52. Rc7 Ke6 53. Nc5+ Kxd6 54. Rxd7+ Kxc5 55. Rxa7 Kxb5 56. Rd7 Ne3 57. Rd3 Nc4 58. Rxb3+ Kc5 59. Rb8 h5 60. Kh2 g5 1-0

[Event "SVK-chT1E 1011"]
[Site "Slovakia"]
[Date "2011.03.20"]
[Round "9"]
[White "Lukac, Roman"]
[Black "Holecko, Rastislav"]
[Result "1/2-1/2"]
[WhiteElo "2163"]
[BlackElo "2280"]
[PlyCount "77"]
[EventDate "2010.11.06"]
[EventType "team-tourn"]
[EventRounds "11"]
[EventCountry "SVK"]
[SourceTitle "EXT 2012"]
[Source "ChessBase"]
[SourceDate "2011.11.24"]
[SourceVersion "1"]
[SourceVersionDate "2011.11.24"]
[SourceQuality "1"]
[WhiteTeam "Banska Bystrica"]
[BlackTeam "Sabinov"]
[WhiteTeamCountry "SVK"]
[BlackTeamCountry "SVK"]

1. e4 d5 2. exd5 Nf6 3. d4 Nxd5 4. c4 Nb6 5. Nc3 e5 6. Nf3 exd4 7. Qxd4 Qxd4 8. Nxd4 Bd7 9. Bf4 Na6 10. Be2 Bb4 11. 0-0 Bxc3 12. bxc3 0-0 13. Rfe1 Na4 14. Bf3 c6 15. Re7 Rad8 16. Nb3 Rfe8 17. Rxe8+ Rxe8 18. Bd2 N6c5 19. Be3 Ne4 20. Rd1 Bf5 21. g4 Bg6 22. Rd7 b5 23. Rxa7 Naxc3 24. cxb5 cxb5 25. Nd4 h6 26. h4 Nd6 27. Bd2 b4 28. Bc6 Rd8 29. Rd7 Rxd7 30. Bxd7 Nxa2 31. Ba4 Ne4 32. Be3 Nc5 33. Bd1 Nc3 34. Bf3 Kf8 35. Nc6 Nd3 36. Bd2 Be4 37. Bxe4 Nxe4 38. Nxb4 Nxb4 39. Bxb4+ 1/2-1/2

[Event "SVK-chT1E 1011"]
[Site "Slovakia"]
[Date "2011.01.09"]
[Round "5.1"]
[White "Holecko, Rastislav"]
[Black "Koval, Maros"]
[Result "1/2-1/2"]
[WhiteElo "2280"]
[BlackElo "2150"]
[PlyCount "96"]
[EventDate "2010.11.06"]
[EventType "team-tourn"]
[EventRounds "11"]
[EventCountry "SVK"]
[SourceTitle "EXT 2012"]
[Source "ChessBase"]
[SourceDate "2011.11.24"]
[SourceVersion "1"]
[SourceVersionDate "2011.11.24"]
[SourceQuality "1"]
[WhiteTeam "Sabinov"]
[BlackTeam "Presov"]
[WhiteTeamCountry "SVK"]
[BlackTeamCountry "SVK"]

1. e4 e5 2. Nf3 Nf6 3. Nxe5 d6 4. Nf3 Nxe4 5. d3 Nf6 6. d4 Be7 7. Bd3 0-0 8. 0-0 Bg4 9. Re1 Nbd7 10. Nbd2 Re8 11. Nf1 Bf8 12. Bd2 Rxe1 13. Bxe1 c6 14. Ng3 Nh5 15. h3 Bxf3 16. Qxf3 Nxg3 17. Qxg3 Qb6 18. Bc3 Re8 19. a4 Qd8 20. d5 Nc5 21. b4 Nxd3 22. Qxd3 Qc7 23. Qc4 Rc8 24. Bd4 a6 25. c3 Qd7 26. Qb3 c5 27. Be3 c4 28. Qc2 b5 29. axb5 axb5 30. Ra7 Rc7 31. Ra5 Rc8 32. Qe4 h6 33. Qd4 Rb8 34. Ra7 Qe8 35. Qg4 Kh8 36. Qd7 Qxd7 37. Rxd7 Kg8 38. Ba7 Re8 39. Rb7 Re7 40. Rxe7 Bxe7 41. Bd4 f5 42. f4 Kf7 43. Kf2 Kg6 44. Kf3 Bf6 45. Bxf6 Kxf6 46. Kg3 g5 47. Kf3 Kg6 48. g3 h5 1/2-1/2